| 000 | 01192nam a2200313 4500 | ||
|---|---|---|---|
| 001 | 0000016829 | ||
| 003 | CO-CtgCURN | ||
| 005 | 20250512230942.0 | ||
| 007 | ta | ||
| 008 | 160627s1997 000 0 eng d | ||
| 020 | _a95867600014 | ||
| 040 |
_aCO-CtgCURN _bspa _ccoctgcurn |
||
| 082 | 0 |
_a344.01 _bG65d2 |
|
| 100 | 1 | _aGonzález Charry, Guillermo. | |
| 245 | 1 | 0 |
_aDerecho laboral colombiano : _bconflictos colectivos / _cGuillermo González Charry. |
| 250 | _a4a ed. | ||
| 260 |
_aBogotá : _bEdiciones Doctrina y Ley, _c1997. |
||
| 300 | _a592 p. | ||
| 336 | _2rdacontent | ||
| 337 |
_2rdamedia _asin mediacion _bn |
||
| 338 |
_2rdacarrier _avolumen _bnc |
||
| 500 | _aIncluye indice. | ||
| 505 | 8 | _aConflictos colectivos.--Huelga.--Convencion colectiva de trabajo.--Pacto colectivo.-- Contrato sindical.--Legislacion sobre conflictos colectivos.--Jurisprudencia.--Responsabilidad por incumplimiento de la convencion | |
| 650 | 1 | 4 |
_aContratos de trabajo _zColombia. |
| 908 | _a160627 | ||
| 942 |
_cBK _h344.01 _iG65d2 _2ddc _n0 |
||
| 999 |
_c19580 _d19580 |
||